00481 2200205 4500001002100000008004100021035002000062245004000082100001900122250000600141260003300147300001100180084001400191082000800205650001400213990001200227990001200239990001200251990001200263INLIS000000000000536 ind  a0010-0424000512 aKreasi Busana MuslimcWahyu Eka P.S aEka P.S, Wahyu a1 aKlaten :bIntan Sejatic2012 a75 hlm a600 WAH k a600 aNon Fiksi a0722172 a0722173 a0722174 a0722175